000 013810000a22003370004500
003 EG-GICUC
005 20250223032559.0
008 070324s2001 ua f m 000 0 eng d
040 _aEG-GICUC
_beng
_cEG-GICUC
041 0 _aEng
049 _aDeposite
097 _aPh.D
099 _aCai01.11.33.Ph.D.2001.Wa.V
100 0 _aWafaa Ahmed Mohamed
245 1 4 _aThe value of hemoperfusion using characoal filters in treatment of hepatic encephalopathy and hepatorenal syndrome /
_cWafaa Ahmed Mohamed ; Supervised Laila Ahmed Mohamed , Sameh Saad Labib , Mohamed Hany Hafez
246 1 5 _aجدوى الغسيل الدموى بإستخدام المرشحات الكربونية لمرضى الغيبوبة الكبدية والفشل الكبدى الكلوى
260 _aCairo :
_bWafaa Ahmed Mohamed ,
_c2001
300 _a279P ;
_c25cm
502 _aThesis (PH.D.) - Cairo University - Faculty Of Medicine - Department Of Tropical Medicine
530 _aIssued also as CD
653 4 _aCharcoal hemoperfusion
653 4 _aHepatic encephalopathy
653 4 _aHepatorenal syndrome
700 0 _aLaila Ahmed Mohamed ,
_eSupervisor
700 0 _aMohamed Hany Hafez ,
_eSupervisor
700 0 _aSameh Saad Labib ,
_eSupervisor
856 _uhttp://172.23.153.220/th.pdf
905 _aMustafa
_eRevisor
905 _aSamia
_eCataloger
942 _2ddc
_cTH
999 _c77779
_d77779